000 00614nam a2200181Ia 4500
008 100920s9999 xx 000 0 und d
082 _b86729
_a520 न 04
100 _aभोसले राजन बा.
245 _aअथातो कामजिज्ञासा.
260 _bमनोविकास प्रकाशन, मुंबई.
_c2004
300 _a255
_bसाधी
365 _b150
520 _aशाअ.
630 _aअथातो कामजिज्ञासा.
650 _aशाअ.
730 _aअथातो कामजिज्ञासा.
942 _cBOOK
999 _c727239
_d727236